Französisch Vokabeln Grundwissen - Einkaufen und Shoppen - Statistiken

Allgemein
  • Dieses Quiz wurde 24 mal gespielt
  • Das Durchschnittsergebnis liegt bei 10 aus 38
Antwortstatistiken
Hint Antwort % Korrekt
Brot le pain
69%
Bäckerei la boulangerie / pâtisserie
63%
Obst les fruits
63%
Gemüse les légumes
63%
teuer Cher
50%
Mode la mode
50%
Fisch le poisson
50%
Supermarkt le supermarché
50%
kostenlos Gratuit
44%
Hose le pantalon
44%
Kleidung les vêtements
44%
Hemd la chemise
38%
Kassierer, Kassiererin le / la caissier(-ière)
38%
Fleisch la viande
31%
Pullover le pull-over
31%
Schuhe les chaussures
31%
Wie viel kostet das? C’est combien? / Combien ça coûte?
25%
Jacke la veste
25%
Geschäft le magasin
25%
Eier les œufs
25%
Bluse la blouse
19%
Rock la jupe
19%
Lebensmittelgeschäft l’épicerie
19%
Tasche le sac
19%
billig bon marché
13%
Umkleidekabine la cabine d’essayage
13%
Garantie la garantie
13%
Kundenkarte la carte de fidélité
0%
Wurstwaren la charcuterie
0%
Lieferung la livraison
0%
Rückgaberecht la politique de remboursement
0%
Trolley/Warenkorb le caddie / le panier
0%
Gang le couloir
0%
Rabatt le rabais
0%
Quittung le reçu
0%
Schlussverkauf les soldes
0%
Regal l’étagère
0%
T-Shirt le tee-shirt
0%
Keine übereinstimmenden Quizze gefunden
Verteilung der Resultate
Anzahl Personen mit jedem Resultat
Perzentil nach korrekt beantworteten Fragen
Ihre Resultats-Entwicklung
Sie haben dieses Quiz noch nicht gespielt